000 00584nam a2200205Ia 4500
005 20250508162021.0
008 008 250505s9999 xx 000 0 eng d
020 _a0-333-25332-9
037 _aTextual
040 _aFEDL
_beng
_cFEDL
041 _aeng
_2eng
084 _a332, EVA
_qFEDL
100 _aEvans R.W.
_9772065
245 0 _aMonetary theory, Institutions and practice : An introduction
260 _aLondon, UK
_bThe Macmillan Press Limited
_c1979
300 _ax,246p.
650 _aEconomics
942 _cTEXL
_h332, EVA
999 _c1373852
_d1373852